| 000 | 00804nam a22002417a 4500 | ||
|---|---|---|---|
| 003 | OSt | ||
| 005 | 20230921084703.0 | ||
| 008 | 221006b |||||||| |||| 00| 0 eng d | ||
| 040 | _cBiblioteca Lado V | ||
| 082 |
_a707 _bR532c |
||
| 100 |
_91075 _aRichmond, Mariela _eautor |
||
| 245 |
_aCanal Corpóreo/ _bCatálogo de proceso/ |
||
| 260 |
_bCanal corpóreo _c2013 _aCosta Rica |
||
| 300 |
_c22.5x14cm _a23p. |
||
| 366 | _espa | ||
| 505 | _tPresentación | ||
| 650 |
_2Tesauro de Arte & Arquitectura _aARTE _9703 |
||
| 650 |
_2Tesauro de Arte & Arquitectura _aEDUCACIÓN _9702 |
||
| 650 |
_2Tesauro de Arte & Arquitectura _aEXHIBICION _9702 |
||
| 650 |
_2Tesauro de Arte & Arquitectura _aPROYECTO ARTISTICO |
||
| 700 |
_aRoche, Arnaldo _eautor |
||
| 942 |
_2ddc _c1 _h707 _iR532c _n0 |
||
| 999 |
_c4349 _d4349 |
||